00539nam a2200145 i 450000100060000000300090000600500170001500700030003200800410003510000390007624501740011526000610028930000220035085200210037281134ES-MaACL20230906174357.0t|041103s1918 sp ||||1| spa d1 aHoyos Sáinz, Luis de,d1868-195110aPor la España agrícola b: seis meses de propaganda y defensa de la agricultura española : crónicas y artículos publicados en el Sol / cLuis de Hoyos Sáinz. aMadrid : b[s.n., c1918] (fRenovación Tipográfica) a210 p. ; c24 cm. aES-MaACLjG-4994